1951 1442 1572 1578 1970 1513 1949 1129 1901 1529 1133 1859 1662 1954 1329 1190 1425 1378 1699 1470 1527 1929 1027 1980 1405 1336 1732 1721 1441 1007 1957 1049 1830 1378 1384 1196 1831 1387 1184 1787 1877 1127 1319 1001 1521 1530 1206 1860 1007 1564 1085 1302 1886 1775 1057 1659 1686 1542 1634 1765 1552 1634 1875 1793 1731 1272 1116 1733 1265 1071 1070 1256 1516 1762 1341 1306 1822 1651 1433 1577 1801 1981 1425 1919 1221 1012 1720 1047 1067 1387 1335 1301 1633 1853 1396 1229 1280 1113 1923 BCNSPRNW ULIB Ver.6.0+V

เปลี่ยนเป็นภาษาไทย

Change to English
 แสดงรายละเอียดบรรณานุกรม
  กลับหน้าหลัก

Brief Record : Get Marc (ISO 2709) : E-mail record : QR code < ปิดหน้าต่าง
LEADER : 00000nam 2200000uu 4500
001    13399120554
003     ULIB
008    120927s2552||||th 000 0 tha d
024    ^a9789740323938
060 04 ^aWY105^bว712ก
100 0  ^aวิโรจน์ ไววานิชกิจ
245 10 ^aการจัดการด้านการพยาบาล :^bเพื่อเพิ่มคุณภาพในหน่วยงานด้านการวินิจฉัย /^cวิโรจน์ ไววานิชกิจ
250    ^aพิมพ์ครั้งที่ 1
260    ^aกรุงเทพฯ :^bสำนักพิมพ์แห่งจุฬาลงกรณ์มหาวิทยาลัย,^c2552
300    ^a87 หน้า :^bภาพประกอบ ;^c21 ซม.
650  7 ^aการพยาบาล^xการจัดการ
650  7 ^aการพยาบาล^xการบริหาร
650  7 ^aความพอใจของผู้ป่วย
650  7 ^aผู้ป่วย^xข้อร้องเรียน^xการบริหาร
945    ^p70^l0^i16060
945    ^p70^l0^i16061
945    ^p70^l0^i16062
995    ^aกัณชพร
999 ^a ใช้งานได้ทุกระบบ
รายการนี้ยังไม่มีแท็ก
คุณยังไม่ได้ล็อกอิน คุณสามารถมีกิจกรรมร่วมกับเว็บไซต์ได้ แต่ต้องล็อกอินก่อน ::
  ล็อกอิน

รายการสื่อสารสนเทศ

ลำดับที่ ประเภท เลขเรียก/บาร์โค้ด สถานที่ สถานะ
1. วิทยาศาสตร์การแพทย์ และสุขภาพ
วิทยาศาสตร์การแพทย์ และสุขภาพ
WY105 ว712ก  
  Barcode: 16060
ห้องสมุดวิทยาเขตนครสวรรค์
►ส่วนจัดเก็บหนังสือเก่า นว.
บนชั้น
  ขอยืม
2. วิทยาศาสตร์การแพทย์ และสุขภาพ
วิทยาศาสตร์การแพทย์ และสุขภาพ
WY105 ว712ก ฉ.2 
  Barcode: 16061
ห้องสมุดวิทยาเขตนครสวรรค์
►ส่วนจัดเก็บหนังสือเก่า นว.
บนชั้น
  ขอยืม
3. วิทยาศาสตร์การแพทย์ และสุขภาพ
วิทยาศาสตร์การแพทย์ และสุขภาพ
WY105 ว712ก ฉ.3 
  Barcode: 16062
ห้องสมุดวิทยาเขตนครสวรรค์
►ส่วนจัดเก็บหนังสือเก่า นว.
บนชั้น
  ขอยืม

รายการใกล้เคียง
    ผู้แต่ง [วิโรจน์ ไววานิชกิจ]

    หัวเรื่อง [ความพอใจของผู้ป่วย]

BibComment


ยังไม่เคยถูกคอมเมนท์

คอมเมนท์ทรัพยากรรายการนี้
  คอมเมนท์: การจัดการด้านการ..


 Copyright 2026. Bcnsprnw @Library